100 bài tập và bài giải kế toán tài chính /

56 bài tập có bài giải; 44 bài tập dành cho bạn đọc tự giải.

שמור ב:
מידע ביבליוגרפי
מחבר ראשי: Hà Xuân Thạch, TS.
פורמט: ספר
שפה:Vietnamese
יצא לאור: Tp.HCM : Thống kê, 2004.
מהדורה:Tái bản lần thứ 8.
נושאים:
תגים: הוספת תג
אין תגיות, היה/י הראשונ/ה לתייג את הרשומה!
Thư viện lưu trữ: Mạng thư viện Đại học Đà Nẵng
LEADER 01296cam a2200385 a 4500
001 000044582
003 2984
005 20060427101227.0
008 010314b2004 vm 000 vie
020 |c 31000 
040 |a LRC  |c LRC  |d LRC 
041 0 |a vie 
082 1 4 |a 657  |b HA-T 
100 1 |a Hà Xuân Thạch,  |c TS. 
245 1 0 |a 100 bài tập và bài giải kế toán tài chính /  |c Hà Xuân Thạch. 
246 3 |a Một trăm bài tập và bài giải kế toán tài chính. 
250 |a Tái bản lần thứ 8. 
260 |a Tp.HCM :  |b Thống kê,  |c 2004. 
300 |a 307 tr. ;  |c 20,5 cm. 
520 3 |a 56 bài tập có bài giải; 44 bài tập dành cho bạn đọc tự giải. 
630 0 4 |a Kế toán. 
630 0 4 |a Tài chính. 
650 0 4 |a Kế toán  |x Tài chính. 
OWN |a DUT 
AVA |a UDN50  |b DUT  |c Book  |d 657 HA-T  |e available  |t Error 5001 Not defined in file expand_doc_bib_avail.  |f 4  |g 0  |h N  |i 0  |j SH  |k 1 
999 |a From the UDN01 
AVA |a UDN50  |b DUT  |c Book  |d 657 HA-T  |e available  |t Error 5001 Not defined in file expand_doc_bib_avail.  |f 4  |g 0  |h N  |i 0  |j SH  |k 1 
TYP |a Monograph 
TYP |a Printed language 
980 |a Mạng thư viện Đại học Đà Nẵng